Quizzes
Events
Quiz Creation
Community
Videos
Private Events
Remove Ads
Sign In
Join for FREE
Feedback
Dark Mode
Quiz Categories
Sports
Geography
Music
Movies
Television
Just For Fun
Miscellaneous
History
Literature
Language
Science
Gaming
Entertainment
Religion
Holiday
For Kids
Quiz Lab
Recent
Popular Today
Quiz Kudos Today
Editor Picks
Curator Picks
Quizzes by...
Day
Popularity
Type
Ratings
Length
Year
Community
Subscriptions
Recent Discussions
Orange Saloon
Badges
Playlists
Quests
Create
Leaderboards
Showdown
Live 5
Trivia Bingo
Activity
Puzzle Library
Sporcle Events
Private Events
Virtual Trivia
Globe League
Become a Host
Pub Owners
SporcleCon
Opinionation
Our Games
Videos
Blog
Mobile Apps
Partnerships
Remove Ads and Go Orange
Feedback
Movies
Disney
Marvel Cinematic Universe
Movie Resume
Movie Titles
Oscar
Actor
Actress
Director
Pixar
Role
Movie Quotes
Movie Characters
Box Office
Nominee
Best Picture
Star Wars
James Bond
Horror Movies
Movies
Disney
Marvel Cinematic Universe
Movie Resume
Movie Titles
Oscar
Actor
Actress
Director
Pixar
Role
Movie Quotes
Movie Characters
Box Office
Nominee
Best Picture
Star Wars
James Bond
Horror Movies
Random Quiz
Search Sporcle
×
Quiz Lab
Quiz Lab
Movies
Type in answers that appear in a list
Type in answers that appear in a list
Classic
Best Score? Go Orange.
WWE DVD Titles Stats
Can you name the WWE DVD Titles?
By
jbeaver54
6m
30 Questions
159 Plays
159 Plays
159 Plays
Comments
Comments
Give Quiz Kudos
Give Quiz Kudos
-
- Ratings
hide this ad
Replay
Link that replays current quiz
Next Quiz
Link to next quiz in quiz playlist
You Got
0%
They Got
Avg Score
72%
Avg Friend Score
Upgrade to see
Score Distribution
Jump to the score distribution portion of the page
Score
0/30
Timer
06:00
0
Plays Today
Title
Superstar
% Correct
The _
_
_
_
_
_
_
_
_
_
: This Is My Yard
Undertaker
93.7%
Cheating Death, Stealing Life: The _
_
_
_
_
_
_
_
_
_
_
_
_
Story
Eddie Guerrero
89.3%
_
_
_
_
_
_
_
: The Most Electrifying Man In Sports Entertainment
The Rock
88.1%
_
_
_
_
_
_
_
_
_
_
_
: Here Comes The Pain
Brock Lesnar
86.8%
_
_
_
_
_
_
_
_
_
_
_
_
_
: Boyhood Dream
Shawn Michaels
84.3%
The Twisted, Disturbed Life of _
_
_
_
Kane
84.3%
_
_
_
_
_
_
_
: The King of Kings -
There Is Only One
Triple H
83.6%
_
_
_
_
_
_
_
_
_
_
_
: Biggest Little Man
Rey Mysterio
81.1%
_
_
_
_
_
_
_
: I Walk Alone
Batista
81.1%
Macho Madness: The _
_
_
_
_
_
_
_
_
_
_
Ultimate Collection
Randy Savage
81.1%
_
_
_
_
: A Decade of Decadence
Edge
80.5%
_
_
_
_
_
_
_
_
_
: One of a Kind
Rob Van Dam
79.9%
The Self-
Destruction of the _
_
_
_
_
_
_
_
_
_
_
_
_
_
_
Ultimate Warrior
78%
The American Dream: The _
_
_
_
_
_
_
_
_
_
_
Story
Dusty Rhodes
78%
_
_
_
_
_
_
_
_
_
: Hard Knocks and Cheap Pops
Mick Foley
77.4%
Title
Superstar
% Correct
_
_
_
_
_
_
_
_
_
_
_
_
: Loose Cannon
Brian Pillman
74.8%
_
_
_
_
_
_
_
_
: My Life
John Cena
69.8%
_
_
_
_
_
_
_
_
_
_
_
: Hard Knocks
Chris Benoit
69.2%
The _
_
_
_
_
_
_
_
_
Truth
Stone Cold
67.9%
_
_
_
_
_
_
_
_
_
: The Ultimate Anthology
Hulk Hogan
66%
The _
_
_
_
_
_
_
_
_
: Leap of Faith
Hardy Boyz
64.8%
_
_
_
_
_
_
_
_
_
_
_
_
: Rock Star
John Morrison
64.8%
'_
_
_
_
_
_
_
_
_
' _
_
_
_
_
_
_
_
: The Definitive Collection
'Nature Boy' Ric Flair
64.2%
_
_
_
_
: It Just Feels Right
Lita
63.5%
_
_
_
_
'_
_
_
_
_
_
_
_
' _
_
_
_
_
_
_
: Pick Your Poison
Jake 'The Snake' Roberts
61%
_
_
_
_
_
_
_
_
_
_
_
_
_
: Back in Black
new World order
56.6%
Born to Controversy: The _
_
_
_
_
_
_
_
_
_
Story
Roddy Piper
56.6%
_
_
_
_
_
_
_
_
_
: My Life, My Rules
Jeff Hardy
56.6%
The Life and Times of _
_
. _
_
_
_
_
_
_
Mr Perfect
45.3%
20 Years Too Soon: The _
_
_
_
_
_
_
_
_
_
_
Story
Billy Graham
42.1%
Quiz Playlist
Details
Report
Send in Message
Add To Playlist
Classic:
Type in answers that appear in a list
Last Updated: Feb 16, 2017
Quiz Scoreboard
CHALLENGE
Sign Up to Join the Scoreboard
Show All
Scores
Hide
Comments
May contain spoilers
Recently Published
Popular People in 1961
by mucciniale
History
6m
1-10 Letter E Words III
by El_Dandy
Language
2m
One Thing in Common: World Cities II
by knightlancer
Geography
7m
More to Explore
Quiz From the Vault
Featured Blog Post
Where Did the Easter Bunny Come From?
hide this ad
You Might Also Like...
Tags
This quiz does not have any tags.
Today's Top Quizzes in Movies
Browse Movies
hide this ad
Top Contributed Quizzes in Movies
1
Multi-Oscar Nominations, One Movie, One Winner
2
12 Movies about Fictional 1960s Events
3
One Thing in Common: Movies
4
Three Word 'T' Movies Match Up
5
Three Word 'H' Movies Match Up
6
Three Word 'M' Movies Match Up
7
Three Word 'L' Movies Match Up
8
Three Word 'R' Movies Match Up
9
Three Word 'S' Movies Match Up
10
Three Word 'U' & 'V' Movies Match Up
Explore More
Trending Topics
Harry Potter
NBA
Crossword
Disney
Anime
Marvel
Kpop
Song
Country
NFL
Puzzle
Pokémon
WWE
The Office
Soccer
hide this ad
More By:
jbeaver54
Quiz
Plays
Rating
Category
Featured
Created
WWE Quiz 2: Tag Teams
1,067
2.60
Television
Jun 1, 2010
WWE Quiz
594
3.00
Television
Jun 1, 2010
Undertaker Quiz
534
4.00
Television
May 28, 2010
WWE NXT: Seasons 1 & 2
434
5.00
Television
May 27, 2010
Movies by Character
319
3.00
Movies
Sep 21, 2010
Go to Creator's Profile
Score Distribution
Quiz Creator Spotlight
jbeaver54
Follow
Send a Message
Quizzes Created
-
Created Quiz Play Count
-
More By This Creator
Popular Quizzes Today
1
Find the US States - No Outlines Minefield
2
The Countries of the World
3
Popular People in 1961
4
Find the Countries of Europe - No Outlines Minefield
5
1-10 Letter E Words III
6
Find the US States
7
One Thing in Common: World Cities II
8
US States
More Movies Quizzes
Movie Photo Minefield: O
Curator's Pick
Trending Quizzes
Country Music Stars Doing Things
Get the Picture: Carrie or Dolly
1-10 Letter F Words
1-10 Letter G Words
Risky Map Clicking: Next State Alphabetically
Recently Updated
Leaping Animals
pecheneg
Reality TV Shows (A-Z)
bhenderson79
Rickey Henderson's Hall of Fame Teammates
pecheneg
Champions League XIs: Arsenal
pecheneg
Quick Pick: Celebrities in WWE's Hall of Fame
aduchscher
A-Z Keypad Blitz II
pecheneg
Multiple Oscar Actors
pecheneg
Mystery Phrase Blitz: Oscar 'Best Actors'
pecheneg
F. Scott Fitzgerald Novels
LTH
Pick 3 Villains
ddd62291
Trending Topics
Harry Potter
Disney
Crossword
Anime
Kpop
NBA
Marvel
Puzzle
Country
NFL
WWE
The Office
Song
Pokémon
Soccer
Your Account Isn't Verified!
In order to create a playlist on Sporcle, you need to verify the email address you used during registration. Go to your
Sporcle Settings
to finish the process.
Report this User
Report this user for behavior that violates our
Community Guidelines
.
Details:
Send Report
Go to the Sporcle.com Mobile Site →
Comments